| 000 | 00437nam a2200169Ia 4500 | ||
|---|---|---|---|
| 008 | 121204t1982 xxu||||| |||| 00| 0 sin d | ||
| 041 | _asin | ||
| 080 |
_a8S-1 _bRAN |
||
| 100 | _aUpali .S.Ranige | ||
| 245 | _aතිමිර මැදින් | ||
| 246 | _aThimira Medin | ||
| 260 |
_bSarasavi Prakashakayo _aKurunegala _c1982 |
||
| 300 | _b29p., 19 cm | ||
| 942 | _cBK | ||
| 999 |
_c75320 _d75320 |
||
| 003 | LK-CoDNM | ||
| 040 |
_aLK-CoDNM _dLK-CoDNM _eLK-CoDNM |
||